Online Catalogue and eLibrary

Women and the Family (Record no. 3063)

MARC details
000 -LEADER
fixed length control field 00566nam a2200229Ia 4500
005 - DATE AND TIME OF LATEST TRANSACTION
control field 20250219053547.0
008 - FIXED-LENGTH DATA ELEMENTS--GENERAL INFORMATION
fixed length control field 240331s9999 xx 000 0 und d
020 ## - INTERNATIONAL STANDARD BOOK NUMBER
ISBN 1856491064
082 ## - DDC Classification
Item Number - Author Mark OCO
DDC Edition Number 3693
Class No. 306.8
245 #0 - TITLE STATEMENT
Title Women and the Family
260 ## - PUBLICATION, DISTRIBUTION, ETC.
Place of publication, distribution, etc. London;
-- New Jersey
Name of publisher, distributor, etc. Zed Books Ltd
Date of publication, distribution, etc. 1994
300 ## - PHYSICAL DESCRIPTION
Extent (e.g. Volumes, Pages etc.) xiii, 140 p.,
650 ## - SUBJECT ADDED ENTRY--TOPICAL TERM
Topical term or geographic name entry element Family
650 ## - SUBJECT ADDED ENTRY--TOPICAL TERM
Topical term or geographic name entry element Women
650 ## - SUBJECT ADDED ENTRY--TOPICAL TERM
Topical term or geographic name entry element Motherhood
650 ## - SUBJECT ADDED ENTRY--TOPICAL TERM
Topical term or geographic name entry element Inequality
650 ## - SUBJECT ADDED ENTRY--TOPICAL TERM
Topical term or geographic name entry element Economic Relations
650 ## - SUBJECT ADDED ENTRY--TOPICAL TERM
Topical term or geographic name entry element HIV/AIDS
650 ## - SUBJECT ADDED ENTRY--TOPICAL TERM
Topical term or geographic name entry element Reproductive Rights
700 ## - ADDED ENTRY--PERSONAL NAME
Personal name O'Connell, H
Relator term (Role) Editor
942 ## - Koha item type (Biblio)
Koha item type Books in Stacks (Lending)
Holdings
Lost status Damaged status Collection code Home library Current library Shelving location Date acquired Full call number Accession Number Item type
    Lending WERC Library WERC Library Social Science Cupboard 03/31/2024 306.8 OCO 3693 Books in Stacks (Lending)

© WERC Library